Alphabet flags - Statystyki

Ogólne statystyki
  • Ten quiz został rozwiązany 29 razy
  • Średni wynik to 18 z 22
Statystyki odpowiedzi
Obrazkowy Odpowiedź % Poprawnych
Algieria
96%
Bhutan
96%
Ghana
89%
Macedonia
89%
Polska
89%
Czad
85%
Dania
85%
Holandia
85%
Kanada
85%
Niger
85%
Rosja
85%
Słowacja
85%
Ekwador
81%
Irak
81%
Luksemburg
81%
Urugwaj
81%
Włochy
81%
Fidżi
78%
Jemen
78%
Oman
78%
Tadżykistan
74%
Zimbabwe
74%
Nie znaleziono quizów pasujących do podanych kryteriów
Rozkład punktacji
Procent ludzi z każdym wynikiem
Percentyl według liczby udzielonych odpowiedzi
Twoja historia wyników
Nie rozwiązałeś tego quizu